Góp phần nghiên cứu thành phần hóa học của cây cỏ xước Achyranthes Asperal, họ rau dền ( Amaranthaceae) : Luận văn Thạc sĩ hóa học chuyên ngành: Hóa học hữu cơ

Cây cỏ xước được sử dụng trong y học cổ truyền để chữa trị các bệnh cảm mạo, sốt, phong thấp, đau lưng, đau xương... Do đó, việc nghiên cứu thành phần hóa học để làm sáng tỏ cơ chế trị bệnh của các cây thuốc được sử dụng nhiều trong...

Disgrifiad llawn

Wedi'i Gadw mewn:
Manylion Llyfryddiaeth
Prif Awdur: Trần, Đình Luận
Fformat: Llyfr
Iaith:Undetermined
Cyhoeddwyd: Cần Thơ Trường Đại học Cần Thơ 2011
Pynciau:
Tagiau: Ychwanegu Tag
Dim Tagiau, Byddwch y cyntaf i dagio'r cofnod hwn!
Thư viện lưu trữ: Trung tâm Học liệu Trường Đại học Cần Thơ
LEADER 01338nam a2200217Ia 4500
001 CTU_167482
008 210402s9999 xx 000 0 und d
082 |a 547 
082 |b L502 
088 |a 60440114 
100 |a Trần, Đình Luận 
245 0 |a Góp phần nghiên cứu thành phần hóa học của cây cỏ xước Achyranthes Asperal, họ rau dền ( Amaranthaceae) : 
245 0 |b Luận văn Thạc sĩ hóa học chuyên ngành: Hóa học hữu cơ 
245 0 |c Trần Đình Luận ; Trương Chí Thành, Tôn Nữ Liên Hương ( hướng dẫn khoa học ) 
260 |a Cần Thơ 
260 |b Trường Đại học Cần Thơ 
260 |c 2011 
520 |a Cây cỏ xước được sử dụng trong y học cổ truyền để chữa trị các bệnh cảm mạo, sốt, phong thấp, đau lưng, đau xương... Do đó, việc nghiên cứu thành phần hóa học để làm sáng tỏ cơ chế trị bệnh của các cây thuốc được sử dụng nhiều trong dân gian này là việc cần thiết và quan trọng. 
650 |a Chemistry,organic,Hóa học, hữu cơ 
904 |i QHieu 
980 |a Trung tâm Học liệu Trường Đại học Cần Thơ